书目信息 |
| 题名: |
读点经典
|
|
| 作者: | 刘明华 主编 ;西南大学 , 中共重庆市委宣传部 编 | |
| 分册: | 第3辑 | |
| 出版信息: | 重庆 重庆出版社 2009.02 |
|
| 页数: | 86页 | |
| 开本: | 19cm | |
| 丛书名: | ||
| 单 册: | ||
| 中图分类: | Z835 | |
| 科图分类: | ||
| 主题词: | 干部教育--gan bu jiao yu--中国--学习参考资料 | |
| 电子资源: | ||
| ISBN: | 978-7-229-00422-4 | |
| 000 | 01017nam0 2200253 450 | |
| 001 | 012009551745 | |
| 005 | 20091231093632.32 | |
| 010 | @a978-7-229-00422-4@dCNY6.00 | |
| 100 | @a20091230d2009 em y0chiy0120 ea | |
| 101 | 0 | @achi |
| 102 | @aCN@b500000 | |
| 105 | @ay z 000yy | |
| 106 | @ar | |
| 200 | 1 | @a读点经典@Adu dian jing dian@h第3辑@f中共重庆市委宣传部, 西南大学编@Fzhong gong chong qing shi wei xuan chuan bu,xi nan da xue bian@g主编刘明华@Gzhu bian liu ming hua |
| 210 | @a重庆@c重庆出版社@d2009.02 | |
| 215 | @a86页@d19cm | |
| 330 | @a本书分为以下几部分:经典语录;散文选萃;诗词撷英;楹联集锦;经典释名。具体内容包括:《老子》二则、《论语》二则、《孟子》二则、《大学》一则等。 | |
| 606 | 0 | @a干部教育@Agan bu jiao yu@y中国@j学习参考资料 |
| 690 | @aZ835@v4 | |
| 701 | 0 | @a刘明华@Aliu ming hua@4主编 |
| 712 | 02 | @a西南大学@Axi nan da xue@4编 |
| 712 | 02 | @a中共重庆市委宣传部@Azhong gong chong qing shi wei xuan chuan bu@4编 |
| 801 | 0 | @aCN@bQSSK@c20091231 |
| 905 | @b769197-201@dZ835@eL652:3@f5 | |
| 读点经典.第3辑/中共重庆市委宣传部, 西南大学编/主编刘明华.-重庆:重庆出版社,2009.02 |
| 86页;19cm |
| ISBN 978-7-229-00422-4:CNY6.00 |
| 本书分为以下几部分:经典语录;散文选萃;诗词撷英;楹联集锦;经典释名。具体内容包括:《老子》二则、《论语》二则、《孟子》二则、《大学》一则等。 |
| ● |
| 相关链接 |
|
|
|
正题名:读点经典
索取号:Z835/L652:3
 
预约/预借
| 序号 | 登录号 | 条形码 | 馆藏地/架位号 | 状态 | 备注 |
| 1 | 769197 | 207691979 | 自科库501/501自科库 132排1列2层/ [索取号:Z835/L652:3] | 在馆 | |
| 2 | 769198 | 207691988 | 自科库501/ [索取号:Z835/L652:3] | 在馆 | |
| 3 | 769199 | 207691997 | 自科库501/501自科库 132排1列2层/ [索取号:Z835/L652:3] | 在馆 | |
| 4 | 769200 | 207692004 | 自科二线504/110考试书库 3排2列3层/ [索取号:Z835/L652:3] | 在馆 | |
| 5 | 769201 | 207692013 | 自科二线504/110考试书库 7排2列3层/ [索取号:Z835/L652:3] | 在馆 |